Bières belges - Mort subite - Statistiques

Statistiques générales
  • Ce quiz a été pris 1 261 fois
  • Le résultat moyen est 7 sur 17
Answers on the Grid
Answers color-coded by a green-red scale on the quiz's grid according to % correct below.
1664
Affligem
Anosteké
Carlsberg
Castelain
Chimay
Chouffe
Cuvée des Trolls
Delirium
Duvel
Guiness
Heineken
Hoegaarden
Jenlain
Jupiler
Krombacher
Kronenbourg
La Goudale
La Trappe
Leffe
Lindemans
Mort subite
Paix Dieu
Raoul
Secret des moines
St Feuillien
Stella Artois
Tripel Karmeliet
Triple Lefort
Westmalle
 
Statistiques - réponses
Réponse % Correct
Chouffe
61%
Chimay
58%
Duvel
56%
Jupiler
54%
Affligem
47%
Leffe
47%
Cuvée des Trolls
44%
Delirium
42%
Hoegaarden
39%
Tripel Karmeliet
39%
Paix Dieu
34%
Stella Artois
33%
St Feuillien
26%
Westmalle
26%
Lindemans
22%
Mort subite
22%
Triple Lefort
17%
Aucun quiz correspondant
Distribution des résultats
% des personnes avec chaque résultat
Percentile par nombre de réponses
Votre historique - résultats
Vous n’avez pas pris ce quiz